• AIU
  • Tony Wilmot Memorial Library

Sendmail : (Record no. 58941)

MARC details
000 -LEADER
fixed length control field 01545cam a2200433 a 4500
001 - CONTROL NUMBER
control field 3333328
003 - CONTROL NUMBER IDENTIFIER
control field OSt
005 - DATE AND TIME OF LATEST TRANSACTION
control field 20140425154307.0
006 - FIXED-LENGTH DATA ELEMENTS--ADDITIONAL MATERIAL CHARACTERISTICS--GENERAL INFORMATION
fixed length control field m o d
007 - PHYSICAL DESCRIPTION FIXED FIELD--GENERAL INFORMATION
fixed length control field cr zn|
008 - FIXED-LENGTH DATA ELEMENTS--GENERAL INFORMATION
fixed length control field 020503s2002 maua sb 001 0 eng d
020 ## - INTERNATIONAL STANDARD BOOK NUMBER
Cancelled/invalid ISBN 155558229X (pbk. : alk. paper)
035 ## - SYSTEM CONTROL NUMBER
System control number (CtWfDGI)bks00001868
035 ## - SYSTEM CONTROL NUMBER
System control number (NNC)3333328
040 ## - CATALOGING SOURCE
Original cataloging agency CtWfDGI
Transcribing agency CtWfDGI
050 14 - LIBRARY OF CONGRESS CALL NUMBER
Classification number HE7551
Item number .V59 2002b
082 04 - DEWEY DECIMAL CLASSIFICATION NUMBER
Classification number 004.6/92
Edition number 21
100 1# - MAIN ENTRY--PERSONAL NAME
Personal name Vixie, Paul A.
9 (RLIN) 26477
245 10 - TITLE STATEMENT
Title Sendmail :
Remainder of title theory and practice, second edition
Medium [electronic resource] /
Statement of responsibility, etc Paul A. Vixie, Frederick M. Avolio.
246 3# - VARYING FORM OF TITLE
Title proper/short title Send mail
250 ## - EDITION STATEMENT
Edition statement 2nd ed.
256 ## - COMPUTER FILE CHARACTERISTICS
Computer file characteristics Computer document.
260 ## - PUBLICATION, DISTRIBUTION, ETC. (IMPRINT)
Place of publication, distribution, etc Woburn, Mass. :
Name of publisher, distributor, etc Digital Press/Butterworth-Heinemann,
Date of publication, distribution, etc 2002
Place of manufacture (Norwood, Mass. :
Manufacturer Books24x7.com [generator])
500 ## - GENERAL NOTE
General note Title from title screen.
504 ## - BIBLIOGRAPHY, ETC. NOTE
Bibliography, etc Includes bibliographical references and index.
516 ## - TYPE OF COMPUTER FILE OR DATA NOTE
Type of computer file or data note Text.
530 ## - ADDITIONAL PHYSICAL FORM AVAILABLE NOTE
Additional physical form available note Available also in a print ed.
538 ## - SYSTEM DETAILS NOTE
System details note Mode of access: Internet via World Wide Web.
550 ## - ISSUING BODY NOTE
Issuing body note Digitized and made available by: Books 24x7.com.
630 00 - SUBJECT ADDED ENTRY--UNIFORM TITLE
Uniform title Sendmail.
9 (RLIN) 26478
650 #0 - SUBJECT ADDED ENTRY--TOPICAL TERM
Topical term or geographic name as entry element Electronic mail systems.
9 (RLIN) 26479
650 #0 - SUBJECT ADDED ENTRY--TOPICAL TERM
Topical term or geographic name as entry element Mail receiving and forwarding services
General subdivision Computer programs.
9 (RLIN) 26480
655 #7 - INDEX TERM--GENRE/FORM
Genre/form data or focus term Electronic books.
Source of term lcsh
9 (RLIN) 26481
700 1# - ADDED ENTRY--PERSONAL NAME
Personal name Avolio, Frederick M.
Relator code aut
9 (RLIN) 26482
710 2# - ADDED ENTRY--CORPORATE NAME
Corporate name or jurisdiction name as entry element Books24x7, Inc.
9 (RLIN) 25760
856 40 - ELECTRONIC LOCATION AND ACCESS
Uniform Resource Identifier <a href="http://www.columbia.edu/cgi-bin/cul/resolve?clio3333328">http://www.columbia.edu/cgi-bin/cul/resolve?clio3333328</a>
Public note Click here for full text.
942 ## - ADDED ENTRY ELEMENTS (KOHA)
Source of classification or shelving scheme Library of Congress Classification
Koha item type Books
Holdings
Withdrawn status Lost status Source of classification or shelving scheme Damaged status Not for loan Collection code Home library Current library Shelving location Date acquired Source of acquisition Cost, normal purchase price Total Checkouts Full call number Barcode Date last seen Copy number Price effective from Koha item type
    Library of Congress Classification     General Circulation AIU/NEGST - Tony Wilmot Memorial Library AIU/NEGST - Tony Wilmot Memorial Library General Stacks 04/25/2014 Donation - Mesfin Teshome 50.00   HE 7551.V59 2002 R28937W3232 09/02/2019 1 04/25/2014 Books